Регионална библиотека "Любен Каравелов" - Русе

КГБ сие (Запис номер 131199)

MARC детайли
000 -Лидер
Контролно поле с фиксирана дължина 02091nam a2200433 c 4500
003 - Код на организацията, давaща контролен номер
Контролно поле BLK
005 - Дата и час на последна редакция
Контролно поле 20240704105848.0
008 - Елементи от данни с фиксирана дължина
fixed length control field 180409b bul|||||r ||||||| ||bul||
010 ## - Наследен системен номер
LC control number KNG00137006000
020 ## - Международен стандартен номер на книга ISBN
Международен стандартен номер на книга ISBN 978-954-515-114-9
-- издат.: Милениум
040 ## - Източник на каталожния запис
Идентификатор на билиотеката - собственик на записа BLK
041 ## - Код за език
Код за езика на текст/звукозапис или на отделно заглавие Български
Код за езика КДБФ Български
072 #7 - Код за тематичната категория
Код организация bullib
Код за тематична категория Н35
Текст Обществено управление. Военни науки Н
080 ## - УДК
Текстов определител УДК Органи на обществения ред. Полиция. Обществена власт. Доброволни отреди. Държавна сигурност. Милиция. Дейност на полицията по вътрешно разузнаване
УДК код - определител по УДК 351.74
УДК определител (47+57)
УДК - код + определител 351.74(47+57)
080 ## - УДК
Текстов определител УДК Шпионаж. Политическо влияние чрез тайни (разузнавателни) служби
УДК код - определител по УДК 327.84
УДК определител
УДК - код + определител 327.84
100 1# - Редна дума - Автор
Автор Угърчинска, Румяна Вълчева
Авторска отговорност първи автор
R(LIN) 322627
139 ## - Редно поле
Редна дума Угърчинска, Румяна Вълчева
Авторски знак Угр - У 24
245 10 - Сведения за заглавието
Заглавие КГБ сие
Редно поле (дума) Румяна Вълчева Угърчинска; прев. от фр. Гриша Атанасов.
257 ## - Страна на издаване
Страна на създаване/издаване България
260 ## - Област на издателските данни
-- София
Име на издателя, разпространителя и проч. Милениум
Година на издаване 2010
300 ## - Физическа характеристика
Страници 344 с.
Илюстрации и др. с факс.
Размери/Мащаб 23 см
380 ## - Жанр
Жанр Обществени науки
500 ## - Общи забележки
Забележка Ориг. загл. KGB cie a l'assaut de l'Europe / Roumiana Ougartchinska. - Библиогр. под линия.
650 #4 - Допълнително описание по предмет – тема
Основно описание – тема или топоним Държавна сигурност - СССР
9 (RLIN) 256592
650 #4 - Допълнително описание по предмет – тема
Основно описание – тема или топоним СССР - история
9 (RLIN) 246855
650 #4 - Допълнително описание по предмет – тема
Основно описание – тема или топоним СССР - разузнаване
9 (RLIN) 322628
650 #4 - Допълнително описание по предмет – тема
Основно описание – тема или топоним Шпионаж и диверсия
9 (RLIN) 242689
653 ## - Ключова дума – ненормативна
Ключова дума разузнаване
653 ## - Ключова дума – ненормативна
Ключова дума държавна сигурност
653 ## - Ключова дума – ненормативна
Ключова дума КГБ
659 ## - Тематичен бюлетин
Тематичен бюлетин Н
700 ## - Други автори (авторска отговорност)
Лично име Атанасов, Гриша Александров
Дати, свързани с автора 1957-
9 (RLIN) 382230
852 ## - Местоположение
Форматна сигнатура Цб 257365
856 4# - Електронен адрес и достъп
Електронен формат pdf - файл
Път до файла /url/
856 4# - Електронен адрес и достъп
Електронен формат pdf - файл
Път до файла /url/
942 ## - АРТИКУЛИ
Вид на библиотечния материал Книги
Скрит в OPAC Не
944 ## - СЪЗДАВАНЕ И РЕДАКЦИЯ на ЗАПИСА
Създаване/Редакция Създаване
Дата на регистрацията/редакция 05.04.2007
Служител, извършил регистрацията/редакцията 30560
Статус, дата на статуса Геновева Генчева
944 ## - СЪЗДАВАНЕ И РЕДАКЦИЯ на ЗАПИСА
Създаване/Редакция Редакция
Дата на регистрацията/редакция 14.02.2013
Служител, извършил регистрацията/редакцията
999 ## - СИСТЕМНИ КОНТРОЛНИ НОМЕРА
Koha biblionumber 131199
Koha biblioitemnumber 131199
Наличности
Код за отписване Код за изгубен артикул Код за повреда Коз за рестрикции Код за отдаване Артикулен № Име на библиотеката - собственик Име на библиотеката, в която се намира в момента Статус (Текущо местоположение) Дата на вписване в системата Местоположение - отдел Цена в лева Инвентарен номер Систематично азбучна сигнатура Баркод Номер на екземпляра Цена в евро Служебна бележка Служебен тип на артикула
Изтеглен Не е изгубен Не е повреден без рестрикции заемане за дома 213880 Регионална библиотека "Любен Каравелов" Русе Регионална библиотека "Любен Каравелов" Русе Заемна - подръчен фонд 2012-11-30 Заемна - подръчен фонд 15.00 120000762063 П 351/У 24 120000762063 1 7.67 Дост: Pk Вид: Ф N: 327 Дата: 23.11.2012 Дата инв: 06.02.2018 Бележки инв: П2018 Книги
  Не е изгубен Не е повреден без рестрикции ползва се в читалня 213881 Регионална библиотека "Любен Каравелов" Русе Регионална библиотека "Любен Каравелов" Русе Хранилище 2013-02-14 Хранилище 15.00 120000763909 Цб 257365 120000763909 2 7.67 Дост: Dp Вид: Д N: 44 Дата: 31.10.2011 Книги
Vip Innovations Ltd, Rousse, Bulgaria 2025